LEADER 01093nam a2200277 i 4500 001 000000043924 003 CaOOAMICUS 005 20090924000000.0 008 090924s1963 gw u000 u ger u 013 $a15094 040 $aSeMil$bita 245 10$aEinsicht und Glaube /$cherausgegeben von Joseph Ratzinger und Heinrich Fries. 250 $a2. Aufl. 260 $aFreiburg ; Basel ; Wien :$bHerder,$c1963. 300 $a487 p. ;$c22 cm. 650 4$aTeologia fondamentale - Saggi.$0(OLS)http://semarc/subject/5976 700 1 $aFries, Heinrich,$d<1911-1998>.$0(OLS)http://semarc/name/3370 700 0 $aBenedictus XVI,$c.$0(OLS)http://semarc/name/298 850 $aSeMil 852 $aSeMil$W1$xVenegono$y1$m2B III 193$j10079$B10079$CSeMilBibl$Z2$F10079 $81 900 1 $aRatzinger, Joseph,$d<1927-2022>. 900 0 $aBenedetto XVI$c. 996 $6245$aEinsicht und Glaube$9(OLS)http://semarc/title/64719 996 $6260$aFreiburg ; Basel ; Wien :$bHerder$9(OLS)http://semarc/publisher/29643 LEADER 01038nam a2200205 i 4500 001 000000193911 003 CaOOAMICUS 005 20101102000000.0 008 101102s1985 it u000 u ita u 013 $a172555 040 $aSeMil$bita 245 10$aElena da Persico :$buna donna, una spiritualitą (1869-1948) 260 $a[S.l. :$bs.n.],$cstampa 1985$e(Viboldone S. Giuliano Milanese (MI) :$fScuola Tipografica di San Benedetto,$gstampa 1985) 300 $a175 p. ;$c22 cm. 500 $aAi pie' del front : Atti del Convegno in occasione del 50° anniversario della prima approvazione dell'Istituto Figlie della Regina degli Apostoli - FRA (1931-1981). 600 14$aPersico, Elena : da .$0(OLS)http://semarc/subject/2264 850 $aSeMil 852 $aSeMil$W1$xVenegono$y1$m3J III 192$j144485$B144485$CSeMilBibl$Z2$F155796 $81 996 $6245$aElena da Persico :$buna donna, una spiritualitą (1869-1948)$9(OLS)http://semarc/title/279555 996 $6260$a[S.l. :$bs.n.]$9(OLS)http://semarc/publisher/29751